[Event "39. Torneo La Roda"]
[Site "La Roda ESP"]
[Date "2012.04.06"]
[Round "4.12"]
[White "Antoli Royo, Joaquin Miguel"]
[Black "Nicolas Zapata, Irene"]
[Result "1-0"]
[WhiteElo "2414"]
[BlackElo "2127"]
[PlyCount "69"]
[EventDate "2012.04.04"]
[EventType "swiss"]
[EventRounds "9"]
[EventCountry "ESP"]
[Source "lmi"]
[SourceDate "2012.04.04"]

1. Nf3 Nf6 2. d4 e6 3. e3 d5 4. Bd3 Be7 5. O-O O-O 6. b3 b6 7. Ne5 Bb7 8. Nd2
c5 9. Bb2 Qc7 10. f4 Nc6 11. a3 a5 12. Rf3 Ba6 13. c4 cxd4 14. Rh3 Rfd8 15.
Bxh7+ Nxh7 16. Qh5 Bf6 17. Qxh7+ Kf8 18. exd4 dxc4 19. Ne4 Rac8 20. Nxf6 gxf6
21. Qh6+ Ke7 22. Ng4 f5 23. Qf6+ Kd6 24. Nh6 Rf8 25. d5 Kxd5 26. Nxf5 Kc5 27.
Bd4+ Nxd4 28. Qxd4+ Kc6 29. Qe4+ Kc5 30. b4+ axb4 31. axb4+ Kxb4 32. Nd4 Bb7
33. Nc2+ Kb5 34. Rb1+ Kc5 35. Qd4+ 1-0

[Event "39. Torneo La Roda"]
[Site "La Roda ESP"]
[Date "2012.04.06"]
[Round "4.13"]
[White "Pardo Simon, David"]
[Black "Tudela Corbalan, Carlos"]
[Result "1-0"]
[WhiteElo "2402"]
[BlackElo "2265"]
[PlyCount "105"]
[EventDate "2012.04.04"]
[EventType "swiss"]
[EventRounds "9"]
[EventCountry "ESP"]
[Source "lmi"]
[SourceDate "2012.04.04"]

1. b3 e5 2. Bb2 Nc6 3. e3 d5 4. Bb5 Bd6 5. f4 f6 6. Qh5+ g6 7. Qh4 exf4 8. exf4
Qe7+ 9. Ne2 Bd7 10. O-O O-O-O 11. Re1 Qf7 12. Bxc6 Bxc6 13. Qf2 b6 14. a4 Nh6
15. Nd4 Bb7 16. Nb5 Bc5 17. d4 Bb4 18. c3 Bd6 19. Nxa7+ Kb8 20. Nb5 Ng4 21. Qg3
Rhe8 22. Nd2 f5 23. Ba3 Bxa3 24. Nxa3 Ba6 25. Nc2 Rd6 26. h3 Nf6 27. Rxe8+ Qxe8
28. Re1 Ne4 29. Nxe4 fxe4 30. Nb4 Bb7 31. Nd3 Re6 32. Ne5 c5 33. Ra1 cxd4 34.
cxd4 Ka7 35. a5 Ba6 36. Qc3 Kb7 37. Rc1 Qd8 38. axb6 Rxb6 39. g3 Bb5 40. Kh2
Ra6 41. Rc2 Rb6 42. Kg2 Ra6 43. Kf2 Rb6 44. Ke3 Ra6 45. h4 Rb6 46. Ra2 Ba6 47.
Ra5 Qd6 48. Rc5 Bb5 49. Rc8 Ra6 50. Nf7 Qe7 51. Nd8+ Kb6 52. Rb8+ Ka7 53. Qc8
1-0

[Event "39. Torneo La Roda"]
[Site "La Roda ESP"]
[Date "2012.04.06"]
[Round "4.14"]
[White "Plaskett, H James"]
[Black "Bendayan Claros, Aaron"]
[Result "1-0"]
[WhiteElo "2480"]
[BlackElo "2163"]
[PlyCount "81"]
[EventDate "2012.04.04"]
[EventType "swiss"]
[EventRounds "9"]
[EventCountry "ESP"]
[Source "lmi"]
[SourceDate "2012.04.04"]

1. e4 c6 2. d4 d5 3. exd5 cxd5 4. Bd3 Nc6 5. c3 g6 6. Nf3 Bg7 7. O-O Nf6 8. Re1
O-O 9. Nbd2 Bf5 10. Bxf5 gxf5 11. Nf1 e6 12. Bg5 Qc7 13. Bxf6 Bxf6 14. Qd2 Ne7
15. Ng3 Ng6 16. Nh5 Bg7 17. Kh1 Kh8 18. Re2 Rae8 19. Rae1 b5 20. h3 Qd8 21. g3
a5 22. a3 Qb6 23. h4 h6 24. Nxg7 Kxg7 25. h5 Ne7 26. Ne5 Qd8 27. g4 fxg4 28.
Rg1 Nf5 29. Rxg4+ Kh7 30. f3 Qe7 31. Qd3 Rg8 32. Reg2 Qb7 33. Qf1 b4 34. Qg1
Rxg4 35. fxg4 Ng7 36. g5 hxg5 37. h6 Nf5 38. Rxg5 f6 39. Rxf5 fxe5 40. Rg5 Re7
41. Rg8 1-0

[Event "39. Torneo La Roda"]
[Site "La Roda ESP"]
[Date "2012.04.06"]
[Round "4.15"]
[White "Anton Guijarro, David"]
[Black "Garcia Ramos, Marcos"]
[Result "1-0"]
[WhiteElo "2476"]
[BlackElo "2163"]
[PlyCount "75"]
[EventDate "2012.04.04"]
[EventType "swiss"]
[EventRounds "9"]
[EventCountry "ESP"]
[Source "lmi"]
[SourceDate "2012.04.04"]

1. e4 c5 2. Nc3 d6 3. Nge2 Nf6 4. g3 Nc6 5. Bg2 g6 6. d4 cxd4 7. Nxd4 Bd7 8.
O-O Bg7 9. Nde2 O-O 10. h3 Rc8 11. Kh2 Na5 12. a4 a6 13. f4 b5 14. axb5 axb5
15. e5 Ne8 16. Nd5 e6 17. Ne3 d5 18. b3 b4 19. Nd4 Qb6 20. Bb2 Nc7 21. Ng4 Rfd8
22. Nf6+ Kh8 23. Nf3 h6 24. Bd4 Qb5 25. Ng5 hxg5 26. fxg5 Ne8 27. Rf4 Nxf6 28.
gxf6 Bf8 29. Bf1 Qc6 30. Bd3 Nb7 31. Qg4 Be8 32. Qg5 Rd7 33. Rh4+ Kg8 34. Rh6
Nd6 35. Rf1 Nf5 36. Rxf5 exf5 37. Qh4 Bg7 38. Rh7 1-0

[Event "39. Torneo La Roda"]
[Site "La Roda ESP"]
[Date "2012.04.06"]
[Round "4.16"]
[White "Forcen Esteban, Daniel"]
[Black "Villalba Izquierdo, Pere"]
[Result "1-0"]
[WhiteElo "2438"]
[BlackElo "2162"]
[PlyCount "43"]
[EventDate "2012.04.04"]
[EventType "swiss"]
[EventRounds "9"]
[EventCountry "ESP"]
[Source "lmi"]
[SourceDate "2012.04.04"]

1. e4 g6 2. d4 Bg7 3. h4 d5 4. exd5 Qxd5 5. Nf3 Bg4 6. Nc3 Qh5 7. Be2 Nc6 8.
Be3 O-O-O 9. Ng5 Bxe2 10. Qxe2 Qxe2+ 11. Nxe2 Rf8 12. O-O-O e6 13. c4 h6 14.
Nf3 Rd8 15. Nc3 Nge7 16. g4 a6 17. Rhe1 Rd7 18. d5 Na5 19. Bd4 Bxd4 20. Rxd4
Rhd8 21. Rf4 exd5 22. Ne5 1-0

[Event "39. Torneo La Roda"]
[Site "La Roda ESP"]
[Date "2012.04.06"]
[Round "4.17"]
[White "Suba, Mihai"]
[Black "Martinez Lopez, David"]
[Result "0-1"]
[WhiteElo "2438"]
[BlackElo "2159"]
[PlyCount "60"]
[EventDate "2012.04.04"]
[EventType "swiss"]
[EventRounds "9"]
[EventCountry "ESP"]
[Source "lmi"]
[SourceDate "2012.04.04"]

1. c4 Nf6 2. Nc3 e5 3. Nf3 Nc6 4. a3 a5 5. g3 Bc5 6. d3 h6 7. Bg2 O-O 8. O-O d6
9. e3 Ba7 10. Rb1 Bf5 11. Qc2 Qd7 12. Re1 Bh3 13. Bh1 Ng4 14. Nd5 Nd8 15. d4 c6
16. Nc3 f5 17. dxe5 dxe5 18. b4 axb4 19. axb4 e4 20. Nh4 g5 21. Nxf5 Qxf5 22.
Nxe4 Ne5 23. f4 gxf4 24. c5 f3 25. Qb3+ Qe6 26. Nf2 Qxb3 27. Rxb3 Be6 28. Ra3
Bc4 29. e4 Ndf7 30. Bf4 Bxc5 0-1

[Event "39. Torneo La Roda"]
[Site "La Roda ESP"]
[Date "2012.04.06"]
[Round "4.18"]
[White "Rojas Keim, Luis"]
[Black "Jimenez De La Torre, Jose A"]
[Result "0-1"]
[WhiteElo "2424"]
[BlackElo "2122"]
[PlyCount "122"]
[EventDate "2012.04.04"]
[EventType "swiss"]
[EventRounds "9"]
[EventCountry "ESP"]
[Source "lmi"]
[SourceDate "2012.04.04"]

1. d4 d5 2. c4 Bf5 3. e3 e6 4. Nd2 c6 5. Ngf3 Nd7 6. Be2 Be7 7. O-O Qc7 8. b3
h5 9. Bb2 Ngf6 10. Rc1 O-O-O 11. cxd5 exd5 12. Ne5 Nxe5 13. dxe5 Ng4 14. Nf3
Be4 15. Nd4 Qxe5 16. f4 Qd6 17. Bxg4+ hxg4 18. Qxg4+ Qd7 19. Qxd7+ Kxd7 20. Nf3
f6 21. Nd2 Bd3 22. Rfd1 Bb4 23. Bc3 Ba3 24. Ra1 Rde8 25. Re1 Bc5 26. Kf2 Rxh2
27. Nf3 Rhh8 28. Nd4 Be4 29. Rh1 g5 30. fxg5 Rxh1 31. Rxh1 fxg5 32. Rh5 Rf8+
33. Kg1 Be7 34. b4 g4 35. Ne2 Bg6 36. Rh1 Bg5 37. Bd4 Bd3 38. Ng3 b6 39. Rh5
Be7 40. a3 Bd6 41. Be5 Bxe5 42. Rxe5 Re8 43. Rg5 Rxe3 44. Kf2 d4 45. Rxg4 c5
46. Nh5 Re2+ 47. Kf3 Ra2 48. Rg7+ Kc6 49. Nf4 Rxa3 50. bxc5 bxc5 51. g4 Bc4+
52. Ke4 Re3+ 53. Kf5 d3 54. Rg6+ Kd7 55. Rg7+ Re7 56. Rxe7+ Kxe7 57. Ng2 d2 58.
Ne3 Bb3 59. Ke4 a5 60. Kd3 d1=Q+ 61. Nxd1 Bxd1 0-1

[Event "39. Torneo La Roda"]
[Site "La Roda ESP"]
[Date "2012.04.06"]
[Round "5.2"]
[White "Bacallao Alonso, Yusnel"]
[Black "Salgado Lopez, Ivan"]
[Result "1/2-1/2"]
[WhiteElo "2550"]
[BlackElo "2621"]
[PlyCount "44"]
[EventDate "2012.04.04"]
[EventType "swiss"]
[EventRounds "9"]
[EventCountry "ESP"]
[Source "lmi"]
[SourceDate "2012.04.04"]

1. e4 c5 2. Nf3 d6 3. d4 cxd4 4. Nxd4 Nf6 5. Nc3 a6 6. Be3 e6 7. g4 Nc6 8. g5
Nd7 9. Rg1 Qc7 10. h4 b5 11. a3 Na5 12. h5 Nc4 13. Bc1 Bb7 14. g6 hxg6 15. hxg6
Nf6 16. gxf7+ Kxf7 17. Nf3 d5 18. Bxc4 dxc4 19. Ng5+ Kg8 20. Qf3 Qh2 21. Kf1
Qh5 22. Qg3 Qh2 1/2-1/2

[Event "39. Torneo La Roda"]
[Site "La Roda ESP"]
[Date "2012.04.06"]
[Round "5.4"]
[White "Lalic, Bogdan"]
[Black "Paunovic, Dragan"]
[Result "1/2-1/2"]
[WhiteElo "2469"]
[BlackElo "2537"]
[PlyCount "22"]
[EventDate "2012.04.04"]
[EventType "swiss"]
[EventRounds "9"]
[EventCountry "ESP"]
[Source "lmi"]
[SourceDate "2012.04.04"]

1. d4 d6 2. Nf3 Nf6 3. c4 Nbd7 4. Nc3 e5 5. e4 Be7 6. Be2 O-O 7. O-O c6 8. Qc2
Qc7 9. Rd1 Re8 10. Bg5 h6 11. Bh4 Nf8 1/2-1/2

[Event "39. Torneo La Roda"]
[Site "La Roda ESP"]
[Date "2012.04.06"]
[Round "5.5"]
[White "Pardo Simon, David"]
[Black "Ibarra Jerez, Jose Carlos"]
[Result "1/2-1/2"]
[WhiteElo "2402"]
[BlackElo "2523"]
[PlyCount "99"]
[EventDate "2012.04.04"]
[EventType "swiss"]
[EventRounds "9"]
[EventCountry "ESP"]
[Source "lmi"]
[SourceDate "2012.04.04"]

1. e4 c5 2. Nf3 b6 3. d4 cxd4 4. Nxd4 Bb7 5. Nc3 a6 6. g3 g6 7. Bg2 Bg7 8. O-O
d6 9. Bg5 Nd7 10. Re1 h6 11. Be3 Rc8 12. f4 Rxc3 13. bxc3 e5 14. Nb3 Qc7 15.
Qd3 Ngf6 16. Rad1 Ke7 17. Bc1 Rd8 18. Bh3 Qc6 19. Ba3 Ne8 20. Bxd7 Rxd7 21. Nd2
exf4 22. gxf4 Bxc3 23. Re3 Bxd2 24. Rxd2 Kd8 25. Qd4 f5 26. Rde2 Rg7 27. Kf2
fxe4 28. Rxe4 Rg8 29. Ke1 Rf8 30. Re7 g5 31. f5 Qh1+ 32. Kd2 Qd5 33. Qxd5 Bxd5
34. R2e3 Bc6 35. Rh7 Rxf5 36. Rxh6 Kd7 37. Rh7+ Kd8 38. Rh6 Kd7 39. Rd3 Rf2+
40. Kc1 Be4 41. Rd2 Rxd2 42. Kxd2 Bf5 43. c3 Be6 44. Kc2 g4 45. Kb1 Nc7 46. Bc1
Nd5 47. Kb2 b5 48. Bg5 Nb6 49. Bf6 Nc4+ 50. Kc1 1/2-1/2

[Event "39. Torneo La Roda"]
[Site "La Roda ESP"]
[Date "2012.04.06"]
[Round "5.6"]
[White "Martinez Martin, David"]
[Black "Khamrakulov, Ibragim S"]
[Result "1/2-1/2"]
[WhiteElo "2386"]
[BlackElo "2519"]
[PlyCount "149"]
[EventDate "2012.04.04"]
[EventType "swiss"]
[EventRounds "9"]
[EventCountry "ESP"]
[Source "lmi"]
[SourceDate "2012.04.04"]

1. d4 Nf6 2. Nf3 e6 3. e3 c5 4. Bd3 b6 5. O-O Be7 6. c4 Bb7 7. Nc3 cxd4 8. exd4
d5 9. cxd5 Nxd5 10. Ne5 O-O 11. Qg4 Nf6 12. Qh4 Ne4 13. Qh3 Qxd4 14. Bf4 Nf6
15. Ne2 Qd8 16. Rfd1 Qe8 17. Nc3 Nc6 18. Nd7 g6 19. Nxf8 Qxf8 20. Bg5 Nb4 21.
Qh4 Nbd5 22. Nxd5 Nxd5 23. Bxe7 Qxe7 24. Qxe7 Nxe7 25. Rac1 Nd5 26. Bc4 a5 27.
a3 Kg7 28. f3 g5 29. Kf2 h6 30. h4 Rb8 31. Bxd5 Bxd5 32. h5 Rb7 33. Rc8 b5 34.
Rc5 Kf6 35. Ke3 Ke5 36. b4 axb4 37. axb4 f5 38. Ra1 f4+ 39. Kd3 g4 40. fxg4 Rg7
41. Re1+ Kd6 42. Rxb5 Rxg4 43. Rb6+ Kd7 44. Re2 Bc4+ 45. Kxc4 f3+ 46. Kd3 fxe2
47. Kxe2 Rxg2+ 48. Kf3 Rg5 49. Rb8 Rxh5 50. b5 Rf5+ 51. Ke4 h5 52. b6 h4 53. b7
Rb5 54. Kf3 Rb3+ 55. Ke2 h3 56. Rh8 Rb2+ 57. Ke1 Rxb7 58. Rxh3 Kd6 59. Rg3 Ke5
60. Re3+ Kf5 61. Rh3 e5 62. Rc3 Ke4 63. Rh3 Rb2 64. Ra3 Kf4 65. Rc3 e4 66. Ra3
Rg2 67. Rh3 Rc2 68. Ra3 Rb2 69. Rc3 e3 70. Rc8 Rb1+ 71. Ke2 Rb2+ 72. Ke1 Kf3
73. Rf8+ Ke4 74. Re8+ Kd3 75. Rd8+ 1/2-1/2

[Event "39. Torneo La Roda"]
[Site "La Roda ESP"]
[Date "2012.04.06"]
[Round "5.9"]
[White "Suarez Uriel, Adrian"]
[Black "Koziak, Vitali"]
[Result "0-1"]
[WhiteElo "2245"]
[BlackElo "2511"]
[PlyCount "80"]
[EventDate "2012.04.04"]
[EventType "swiss"]
[EventRounds "9"]
[EventCountry "ESP"]
[Source "lmi"]
[SourceDate "2012.04.04"]

1. e4 c6 2. d4 d5 3. e5 c5 4. dxc5 Nc6 5. Nf3 Bg4 6. Be3 e6 7. Bb5 Nge7 8. c3
Qc7 9. Bd4 O-O-O 10. Bxc6 Nxc6 11. Nbd2 f6 12. Qe2 fxe5 13. Bxe5 Nxe5 14. Qxe5
Bxc5 15. Qxc7+ Kxc7 16. O-O Rhf8 17. h3 Bxf3 18. Nxf3 Kd6 19. Rad1 Rf4 20. Rd2
Rdf8 21. Rfd1 a6 22. Re2 R8f6 23. b3 b5 24. Nd4 e5 25. Nf3 e4 26. Nd4 Ke5 27.
g3 Rg6 28. Red2 Rf7 29. Nf5 Rd7 30. g4 h5 31. b4 Bb6 32. Ne7 Rxe7 33. Rxd5+ Kf6
34. Rxh5 Kf7 35. Rf5+ Kg8 36. Kg2 e3 37. fxe3 Rxe3 38. Rf3 Re2+ 39. Kg3 Rxa2
40. h4 Bc7+ 0-1

[Event "39. Torneo La Roda"]
[Site "La Roda ESP"]
[Date "2012.04.06"]
[Round "5.10"]
[White "Cruz, Cristhian"]
[Black "Navarro Lopez-Menchero, Daniel"]
[Result "1-0"]
[WhiteElo "2508"]
[BlackElo "2237"]
[PlyCount "59"]
[EventDate "2012.04.04"]
[EventType "swiss"]
[EventRounds "9"]
[EventCountry "ESP"]
[Source "lmi"]
[SourceDate "2012.04.04"]

1. d4 d5 2. c4 dxc4 3. Nf3 Nf6 4. e3 e6 5. Bxc4 a6 6. O-O b5 7. Bd3 Bb7 8. a4
b4 9. Nbd2 c5 10. Qe2 Nc6 11. dxc5 Bxc5 12. Nb3 Be7 13. Rd1 Qc7 14. e4 Nd7 15.
Be3 O-O 16. Rac1 Rfc8 17. a5 Qb8 18. Bb1 Nde5 19. Nfd2 Rd8 20. f4 Ng6 21. e5
Rd7 22. Nc4 Rxd1+ 23. Rxd1 Qe8 24. Nd6 Qb8 25. Nxb7 Qxb7 26. Be4 Rc8 27. Rc1
Bd8 28. Rxc6 Rxc6 29. Qd3 Bc7 30. Nd4 1-0

[Event "39. Torneo La Roda"]
[Site "La Roda ESP"]
[Date "2012.04.06"]
[Round "5.12"]
[White "Perez Mitjans, Orelvis"]
[Black "Madina Yadarola, Martin"]
[Result "1-0"]
[WhiteElo "2482"]
[BlackElo "2230"]
[PlyCount "58"]
[EventDate "2012.04.04"]
[EventType "swiss"]
[EventRounds "9"]
[EventCountry "ESP"]
[Source "lmi"]
[SourceDate "2012.04.04"]

1. e4 c5 2. Nf3 d6 3. d4 cxd4 4. Nxd4 Nf6 5. Nc3 a6 6. Bg5 e6 7. Qf3 h6 8. Bxf6
Qxf6 9. Qxf6 gxf6 10. Be2 h5 11. O-O Nc6 12. Rad1 Bd7 13. Nb3 b5 14. a3 Rb8 15.
Rd2 Be7 16. Rfd1 Bc8 17. Na2 Bb7 18. f4 Bd8 19. Bf3 Bb6+ 20. Kf1 Rd8 21. g3 Ke7
22. h4 a5 23. Kg2 a4 24. Nbc1 Na5 25. b3 Rhg8 26. Rd3 Bc7 27. Ne2 Rc8 28. Nb4
Nc6 29. Nxc6+ Bxc6 1-0

[Event "39. Torneo La Roda"]
[Site "La Roda ESP"]
[Date "2012.04.06"]
[Round "5.13"]
[White "Moreno Tejera, Emilio"]
[Black "Plaskett, H James"]
[Result "1/2-1/2"]
[WhiteElo "2313"]
[BlackElo "2480"]
[PlyCount "127"]
[EventDate "2012.04.04"]
[EventType "swiss"]
[EventRounds "9"]
[EventCountry "ESP"]
[Source "lmi"]
[SourceDate "2012.04.04"]

1. e4 c5 2. Nf3 d6 3. d4 cxd4 4. Qxd4 Bg4 5. Bb5+ Nc6 6. Qd3 g6 7. O-O Bg7 8.
c4 Nh6 9. h3 Bxf3 10. Bxc6+ bxc6 11. Qxf3 O-O 12. Nc3 Qb6 13. b3 f5 14. Bb2 Qc7
15. Rad1 fxe4 16. Qxe4 e5 17. Ne2 Nf5 18. Kh1 Rae8 19. Ng3 Nd4 20. Bxd4 exd4
21. Qd3 Qe7 22. Rd2 Be5 23. Re2 Qd7 24. c5 Bxg3 25. Rxe8 Qxe8 26. fxg3 Rxf1+
27. Qxf1 dxc5 28. Qc4+ Qf7 29. Qxc5 Qd7 30. Qc4+ Kg7 31. Qd3 c5 32. Kh2 h5 33.
Kg1 Qf5 34. Qd2 Kf7 35. b4 Qb1+ 36. Kh2 Qxb4 37. Qf4+ Ke6 38. Qe4+ Kd7 39. Qxg6
Qb5 40. Qxh5 d3 41. Qd5+ Kc7 42. a4 Qc6 43. Qxd3 c4 44. Qc3 Qxa4 45. h4 Qb3 46.
Qe5+ Kb7 47. h5 c3 48. h6 c2 49. h7 c1=Q 50. h8=Q Qc7 51. Qe4+ Ka6 52. Qa1+ Kb5
53. Qf5+ Kc6 54. Qe4+ Kb6 55. Qg6+ Kb7 56. Qaa6+ Ka8 57. Qe8+ Qbb8 58. Qe4+
Qcb7 59. Qaxb7+ Qxb7 60. Qe8+ Qb8 61. Qe4+ Qb7 62. Qe8+ Qb8 63. Qc6+ Qb7 64.
Qe8+ 1/2-1/2

[Event "39. Torneo La Roda"]
[Site "La Roda ESP"]
[Date "2012.04.06"]
[Round "5.14"]
[White "Escudero Manzano, Alejandro"]
[Black "Anton Guijarro, David"]
[Result "0-1"]
[WhiteElo "2210"]
[BlackElo "2476"]
[PlyCount "158"]
[EventDate "2012.04.04"]
[EventType "swiss"]
[EventRounds "9"]
[EventCountry "ESP"]
[Source "lmi"]
[SourceDate "2012.04.04"]

1. e4 c5 2. Nf3 d6 3. d4 cxd4 4. Nxd4 Nf6 5. Nc3 Nc6 6. Bc4 Bd7 7. Bb3 g6 8. f3
Nxd4 9. Qxd4 Bg7 10. Be3 O-O 11. Qd2 Qa5 12. O-O-O Rfc8 13. Kb1 Be6 14. Bxe6
fxe6 15. Nd5 Qxd2 16. Nxf6+ Bxf6 17. Rxd2 b5 18. h4 h5 19. Bd4 Bxd4 20. Rxd4
Rc5 21. c3 e5 22. Rb4 a5 23. Rb3 Kf7 24. a4 bxa4 25. Ra3 Rb8 26. Kc2 Rcb5 27.
Rb1 Rg8 28. Rh1 g5 29. hxg5 Rxg5 30. Rh2 Rg8 31. Rxa4 Kg6 32. b4 axb4 33. Rxb4
Rc5 34. Rb7 Rgc8 35. Rb3 Kg5 36. Kd2 h4 37. Kd3 e6 38. Rh3 d5 39. exd5 exd5 40.
Ra3 Rc4 41. Rb3 e4+ 42. fxe4 dxe4+ 43. Kd2 Rd8+ 44. Ke2 Ra8 45. Rb2 Kg4 46. Kf2
Rca4 47. Re3 Kf4 48. Rbe2 Rg8 49. Rh3 Rg4 50. Rc2 Ra3 51. Re2 Kf5 52. Rc2 Kf4
53. Re2 Kf5 54. Rc2 Ke5 55. g3 hxg3+ 56. Rxg3 Rxg3 57. Kxg3 Ra8 58. Kf2 Rh8 59.
Re2 Kf4 60. c4 Rh1 61. c5 Rc1 62. Rb2 Rxc5 63. Ke2 Rc3 64. Ra2 Rh3 65. Ra8 Rh2+
66. Kf1 Kf3 67. Rf8+ Ke3 68. Rd8 Rf2+ 69. Ke1 Ra2 70. Kf1 Ra1+ 71. Kg2 Ke2 72.
Rd7 e3 73. Rd8 Ra7 74. Rd6 Rg7+ 75. Kh3 Kf2 76. Rf6+ Ke1 77. Re6 e2 78. Rd6 Rg5
79. Kh4 Rg1 0-1

[Event "39. Torneo La Roda"]
[Site "La Roda ESP"]
[Date "2012.04.06"]
[Round "5.15"]
[White "Lacrosse, Marc"]
[Black "Forcen Esteban, Daniel"]
[Result "0-1"]
[WhiteElo "2191"]
[BlackElo "2438"]
[PlyCount "108"]
[EventDate "2012.04.04"]
[EventType "swiss"]
[EventRounds "9"]
[EventCountry "ESP"]
[Source "lmi"]
[SourceDate "2012.04.04"]

1. d4 Nf6 2. c4 c5 3. d5 e6 4. Nc3 exd5 5. cxd5 d6 6. Nf3 g6 7. h3 Bg7 8. e4 a6
9. a4 Nbd7 10. Bd3 Nh5 11. Bg5 Bf6 12. Be3 Ne5 13. Be2 Nxf3+ 14. Bxf3 Ng7 15.
O-O O-O 16. a5 Be5 17. Na4 Rb8 18. Qd2 Bd7 19. Nb6 Bb5 20. Rfe1 f5 21. exf5
Nxf5 22. Bxc5 Qf6 23. Rxe5 Qxe5 24. Re1 Qg7 25. Bb4 Rbe8 26. Re4 Rxe4 27. Bxe4
Qe5 28. Bxf5 Rxf5 29. Bc3 Qe4 30. Qh6 Rf7 31. Qg5 Qe2 32. f3 Qe7 33. Qd2 Qh4
34. Nc8 Qc4 35. Nxd6 Qc5+ 36. Qd4 Qxd4+ 37. Bxd4 Rd7 38. Ne4 Kf7 39. d6 Bc6 40.
Ng5+ Ke8 41. Bc5 Bd5 42. Kf2 h6 43. Ne4 Bxe4 44. fxe4 Rf7+ 45. Ke3 Kd7 46. Kd4
Ke6 47. Kd3 Rf1 48. Ke2 Rc1 49. b4 Rc3 50. h4 h5 51. Kf2 Rd3 52. Ke2 Rb3 53.
Kf2 Ke5 54. Kg1 Kxe4 0-1

[Event "39. Torneo La Roda"]
[Site "La Roda ESP"]
[Date "2012.04.06"]
[Round "5.16"]
[White "Garza Marco, Sergio"]
[Black "Gil Quilez, David"]
[Result "1-0"]
[WhiteElo "2404"]
[BlackElo "2188"]
[PlyCount "91"]
[EventDate "2012.04.04"]
[EventType "swiss"]
[EventRounds "9"]
[EventCountry "ESP"]
[Source "lmi"]
[SourceDate "2012.04.04"]

1. d4 d5 2. c4 c6 3. Nf3 Nf6 4. e3 e6 5. Bd3 Nbd7 6. b3 Ne4 7. O-O f5 8. Qc2
Be7 9. Bb2 O-O 10. Nbd2 Qe8 11. Ne5 Nxe5 12. dxe5 Qh5 13. f4 g5 14. Nf3 g4 15.
Bxe4 fxe4 16. Nd4 Qg6 17. Qc1 Bd7 18. cxd5 cxd5 19. Qc7 Qe8 20. Qxb7 Bc5 21.
Rfc1 Bb6 22. Qa6 Rf7 23. Rc2 h5 24. Rac1 Kh7 25. Qe2 Rb8 26. Qd2 Rc8 27. Ba3
Rxc2 28. Rxc2 Bxd4 29. Qxd4 Bb5 30. Bd6 Qd8 31. Rc5 Bd3 32. Qc3 Qb6 33. Kf2 Kg6
34. Ke1 Qd8 35. g3 h4 36. Rc8 Qb6 37. Kd2 Qa6 38. a4 Bf1 39. Kc1 hxg3 40. hxg3
Qe2 41. Rg8+ Kh7 42. Qc8 Qxe3+ 43. Kb2 Qd2+ 44. Ka3 e3 45. Rh8+ Kg6 46. Qxe6+
1-0

[Event "39. Torneo La Roda"]
[Site "La Roda ESP"]
[Date "2012.04.06"]
[Round "5.18"]
[White "Badev, Kiril"]
[Black "Llavador Moron, Juan Jose"]
[Result "0-1"]
[WhiteElo "2343"]
[BlackElo "2171"]
[PlyCount "86"]
[EventDate "2012.04.04"]
[EventType "swiss"]
[EventRounds "9"]
[EventCountry "ESP"]
[Source "lmi"]
[SourceDate "2012.04.04"]

1. e4 e5 2. Nc3 Nf6 3. Nf3 Nc6 4. Bb5 Bc5 5. O-O d6 6. d4 exd4 7. Nxd4 Bd7 8.
Nf5 O-O 9. Bg5 Bxf5 10. exf5 Re8 11. Nd5 Re5 12. Nxf6+ gxf6 13. Bh6 Kh8 14. Qg4
Qg8 15. Qh4 Rxf5 16. Bd3 Rg5 17. Bxg5 fxg5 18. Qh6 Ne5 19. Be4 c6 20. b4 Bxb4
21. Rab1 Bc5 22. Rxb7 Re8 23. Bf5 Qg7 24. Qxg7+ Kxg7 25. Rfb1 Kf6 26. Bxh7 Ng4
27. h3 Nxf2 28. Rf1 Kg7 29. Bf5 Nxh3+ 30. Kh2 Nf4 31. Bd7 Re2 32. Bxc6 Rxc2 33.
Kg3 d5 34. Kg4 Kg6 35. Be8 Rxg2+ 36. Kf3 Bd6 37. Rxf7 g4+ 38. Ke3 Re2+ 39. Kd4
Rxe8 40. Rxa7 Re4+ 41. Kc3 Be5+ 42. Kb3 g3 43. a4 g2 0-1

[Event "39. Torneo La Roda"]
[Site "La Roda ESP"]
[Date "2012.04.06"]
[Round "5.19"]
[White "Sande Edreira, Jose Antonio"]
[Black "Navarrete Espi, Samuel"]
[Result "0-1"]
[WhiteElo "2343"]
[BlackElo "2129"]
[PlyCount "51"]
[EventDate "2012.04.04"]
[EventType "swiss"]
[EventRounds "9"]
[EventCountry "ESP"]
[Source "lmi"]
[SourceDate "2012.04.04"]

1. g3 e5 2. Bg2 f5 3. d4 d6 4. dxe5 dxe5 5. Qxd8+ Kxd8 6. Nf3 Bd6 7. Nc3 Nc6 8.
Bg5+ Ke8 9. O-O-O h6 10. Be3 Nf6 11. Nb5 Ke7 12. Nh4 Rd8 13. Bxc6 bxc6 14. Nxa7
Bd7 15. Nxf5+ Bxf5 16. Nxc6+ Ke8 17. Nxd8 Rxd8 18. f3 Nd5 19. Bd2 e4 20. fxe4
Bxe4 21. Rhf1 Bc5 22. b4 Be7 23. c4 Nf6 24. Rf4 Bg6 25. c5 Nd5 26. Rg4 0-1

[Event "39. Torneo La Roda"]
[Site "La Roda ESP"]
[Date "2012.04.06"]
[Round "5.20"]
[White "Martinez Lopez, David"]
[Black "Ladron De Guevara Pinto, Paolo"]
[Result "0-1"]
[WhiteElo "2159"]
[BlackElo "2332"]
[PlyCount "174"]
[EventDate "2012.04.04"]
[EventType "swiss"]
[EventRounds "9"]
[EventCountry "ESP"]
[Source "lmi"]
[SourceDate "2012.04.04"]

1. e4 c5 2. Nf3 d6 3. d4 cxd4 4. Nxd4 Nf6 5. Nc3 g6 6. Be3 Bg7 7. f3 Nc6 8. Qd2
h5 9. Bc4 Bd7 10. O-O-O Na5 11. Bd3 Rc8 12. Kb1 a6 13. Nb3 Nc4 14. Bxc4 Rxc4
15. Bd4 O-O 16. e5 Ne8 17. exd6 Nxd6 18. Bxg7 Kxg7 19. Nd5 Bf5 20. Ne3 Rc8 21.
Nxf5+ Nxf5 22. Qe2 Qb6 23. Rhe1 Rc7 24. c4 Qf6 25. g4 Nd6 26. c5 Nb5 27. Rd5
hxg4 28. fxg4 e6 29. g5 Qf4 30. Rf1 Qh4 31. Qe5+ Kg8 32. Rd3 Qh8 33. Rf6 Re7
34. Nc1 Na7 35. Rdf3 Rd8 36. Qc3 Qh4 37. Qe3 Qd4 38. Nd3 Qxe3 39. Rxe3 Rd5 40.
h4 Nc6 41. Nf2 Rxc5 42. Rf4 Rd7 43. a3 Kg7 44. Ng4 Rd1+ 45. Ka2 Rd4 46. Rxd4
Nxd4 47. Nf6 Nf5 48. Re4 Rc1 49. a4 Kf8 50. Rb4 Rc7 51. Re4 Rc6 52. h5 gxh5 53.
Nxh5 Nd6 54. Rg4 Rc4 55. Rxc4 Nxc4 56. Kb3 Na5+ 57. Kc3 Nc6 58. Kc4 b6 59. Nf6
Ke7 60. Ne4 Ne5+ 61. Kd4 Nc6+ 62. Kc4 Nd8 63. a5 bxa5 64. Kc5 a4 65. Kb6 e5 66.
Kxa6 Ke6 67. Ng3 Kd5 68. Kb5 Ne6 69. Kxa4 Nxg5 70. b4 Ne4 71. Nf5 Nd6 72. Ne3+
Kd4 73. Nc2+ Kc3 74. Ne3 f5 75. b5 f4 76. Ng4 e4 77. b6 e3 78. Nh2 e2 79. Nf3
Kd3 80. Kb4 Ke3 81. Ne1 f3 82. Kc5 Nb7+ 83. Kc6 f2 84. Nc2+ Kd2 85. Nd4 Na5+
86. Kb5 f1=Q 87. Kxa5 Qa1+ 0-1

[Event "39. Torneo La Roda"]
[Site "La Roda ESP"]
[Date "2012.04.07"]
[Round "6.3"]
[White "Paunovic, Dragan"]
[Black "Zubarev, Alexander"]
[Result "0-1"]
[WhiteElo "2537"]
[BlackElo "2597"]
[PlyCount "64"]
[EventDate "2012.04.04"]
[EventType "swiss"]
[EventRounds "9"]
[EventCountry "ESP"]
[Source "lmi"]
[SourceDate "2012.04.04"]

1. Nf3 g6 2. g3 Bg7 3. c4 e5 4. Nc3 f5 5. d3 d6 6. Bg2 Nc6 7. Rb1 h6 8. O-O Be6
9. Nd5 Nce7 10. Nd2 c6 11. Nxe7 Nxe7 12. b4 Qd7 13. a4 O-O 14. a5 Rad8 15. Qa4
f4 16. c5 d5 17. a6 bxa6 18. Qxa6 Rb8 19. Bb2 Rxb4 20. Bc3 Rbb8 21. Nf3 d4 22.
Ba5 Nd5 23. Nd2 Bg4 24. Bf3 Bxf3 25. Nxf3 Kh7 26. Nd2 fxg3 27. hxg3 Nf4 28. Ne4
Nxe2+ 29. Kg2 Nf4+ 30. gxf4 Qg4+ 31. Kh2 Rf5 32. Ng3 exf4 0-1